000 00312nam a22001337a 4500
003 SGT
020 _a9789395039000
082 _a613.2
_bSHA
100 _aSHARMA REKHA
245 _aINTRODUCTION TO FUNCTIONAL FOOD AND NUTRACEUTICALS
260 _aINDIA
_bPHARMA MED
_c2023
300 _a506
942 _2ddc
_cBK
999 _c34488
_d34488